| 000 | 00874nmm a2200265 a 4500 | ||
|---|---|---|---|
| 001 | ocm000787989 | ||
| 003 | TR-IsHL | ||
| 005 | 20201028155504.0 | ||
| 008 | 110704s2007 tu tur | ||
| 007 | cr cn | ||
| 020 | _a1001894100069 | ||
| 035 |
_a787989 _b(N$T) |
||
| 050 | 0 | 4 |
_aKKX3157 _b.D66 2007 |
| 090 | 0 | 4 |
_aKKX3157 _b.D66 2007 |
| 100 | 1 | _aDomaniç, Hayri | |
| 245 | 1 | 0 |
_aDevlet ormanlarına yapılan vakıf üniversitelerinin devlete maledilmesi için verilen hukuki mücadeleler _h[electronic resource] / _cHayri Domaniç |
| 260 |
_aİstanbul : _bArıkan Basım Yayım Dağıtım, _c2007 |
||
| 300 | _a104 p. | ||
| 650 | 4 | _aHukuk | |
| 650 | 4 | _aLaw | |
| 650 | 0 | _aOrman hukuku | |
| 650 | 0 | _aForest law | |
| 650 | 7 |
_aLAW / Agricultural _2bisacsh |
|
| 856 | 4 | 0 | _uhttp://search.ebscohost.com/login.aspx?direct=true&scope=site&db=e011xww&AN=787989 |
| 999 |
_c13109 _d13109 |
||